000
00210 a2200097 4500
001
27891
100
_a
Hamlyn,
245
_a
Encyclopedia of the world in colour
260
_a
_b
Hamlyn
_c
090
_c
18628
_d
18628
942
_a
NUST-CAE
_c
M
_c
9589
999
_c
262964
_d
262964